Poetic theology : (Record no. 10540)

MARC details
000 -LEADER
fixed length control field 01439cam a2200265 a 4500
001 - CONTROL NUMBER
control field 666492566
003 - CONTROL NUMBER IDENTIFIER
control field OCoLC
005 - DATE AND TIME OF LATEST TRANSACTION
control field 20241209110901.0
008 - FIXED-LENGTH DATA ELEMENTS--GENERAL INFORMATION
fixed length control field 100922s2011 miua b 001 0 eng
020 ## - INTERNATIONAL STANDARD BOOK NUMBER
International Standard Book Number 9780802865786 (pbk. : alk. paper)
020 ## - INTERNATIONAL STANDARD BOOK NUMBER
International Standard Book Number 080286578X (pbk. : alk. paper)
035 ## - SYSTEM CONTROL NUMBER
System control number (OCoLC)666492566
040 ## - CATALOGING SOURCE
Original cataloging agency DLC
Transcribing agency DLC
Modifying agency YDX
-- YDXCP
-- BTA
-- IGR
-- CDX
-- BWX
-- DAY
082 00 - DEWEY DECIMAL CLASSIFICATION NUMBER
Classification number 261.57
Edition information 22
Item number DYR
100 1# - MAIN ENTRY--PERSONAL NAME
Personal name Dyrness, William A.
245 10 - TITLE STATEMENT
Title Poetic theology :
Remainder of title God and the poetics of everyday life /
Statement of responsibility, etc. William A. Dyrness.
260 ## - PUBLICATION, DISTRIBUTION, ETC.
Place of publication, distribution, etc. Grand Rapids, Mich. :
Name of publisher, distributor, etc. W.B. Eerdmans Pub. Co.,
Date of publication, distribution, etc. 2011.
300 ## - PHYSICAL DESCRIPTION
Extent xiii, 338 p. :
Other physical details ill. ;
Dimensions 23 cm.
504 ## - BIBLIOGRAPHY, ETC. NOTE
Bibliography, etc. note Includes bibliographical references and index.
505 0# - FORMATTED CONTENTS NOTE
Formatted contents note Prelude to aesthetic theology : theological reflections on love, desire, and the affections -- The historical model : theologia poetica -- Poetic stewardship of life -- Re-reading the nineteenth-century Romantic heritage -- Twentieth-century aesthetics : in search of a theological voice -- Dante, Bunyan, and the search for a Protestant aesthetics -- Calvin, the locked church, and the recovery of contemplation -- The aesthetics of church -- Aesthetics and social transformation -- Living and reflecting poetically : systematic implications.
650 #0 - SUBJECT ADDED ENTRY--TOPICAL TERM
Topical term or geographic name entry element Aesthetics
General subdivision Religious aspects
-- Christianity.
650 #0 - SUBJECT ADDED ENTRY--TOPICAL TERM
Topical term or geographic name entry element Theology
General subdivision Methodology.
650 #0 - SUBJECT ADDED ENTRY--TOPICAL TERM
Topical term or geographic name entry element Poetry
General subdivision Religious aspects.
942 ## - ADDED ENTRY ELEMENTS (KOHA)
Source of classification or shelving scheme Dewey Decimal Classification
Koha item type Books
Holdings
Withdrawn status Lost status Source of classification or shelving scheme Damaged status Not for loan Home library Current Library Shelving location Date acquired Total checkouts Full call number Barcode Date last seen Copy number Price effective from Koha item type
    Dewey Decimal Classification     GRACE BIBLE COLLEGE GRACE BIBLE COLLEGE Ministry & Mission 2024-12-09   261.57 DYR 020880 2025-05-01 c.1 2024-12-09 Books
© Grace Bible College Library 2025